[Event "9th HDBank Open 2019"]
[Site "Ho Chi Minh City"]
[Date "2019.03.07"]
[Round "1.28"]
[White "Lu, Chan Hung"]
[Black "Mendonca, Leon Luke"]
[Result "1/2-1/2"]
[WhiteElo "2207"]
[BlackElo "2446"]
[Annotator "NA"]
[PlyCount "157"]
[EventDate "2019.03.07"]
[EventType "swiss"]
[EventCountry "VIE"]
[SourceTitle "playchess.com"]
[Source "ChessBase"]
[SourceQuality "1"]
[TimeControl "5400+30"]

1. c4 {[%emt 0:00:00]} Nf6 {[%emt 0:00:00]} 2. Nf3 {[%emt 0:00:00]} g6 {[%emt 0:00:16]} 3. b3 {[%emt 0:00:25]} Bg7 {[%emt 0:00:10]} 4. Bb2 {[%emt 0:00:17]} O-O {[%emt 0:00:15]} 5. g3 {[%emt 0:00:19]} d6 {[%emt 0:01:15]} 6. Bg2 {[%emt 0:01:05]} e5 {[%emt 0:01:12]} 7. d3 {[%emt 0:00:57]} Nc6 {[%emt 0:02:54]} 8. O-O {[%emt 0:01:02]} h6 {[%emt 0:03:06]} 9. Nc3 {[%emt 0:01:17]} Nd7 {[%emt 0:02:10]} 10. a3 {[%emt 0:05:19]} f5 {[%emt 0:01:17]} 11. b4 {[%emt 0:06:32]} g5 {[%emt 0:01:58]} 12. b5 {[%emt 0:05:53]} Ne7 {[%emt 0:00:24]} 13. h4 {[%emt 0:01:01]} g4 {[%emt 0:09:52]} 14. Nh2 {[%emt 0:00:48]} h5 {[%emt 0:02:27]} 15. Nd5 {[%emt 0:08:47]} Ng6 $11 {[%emt 0:13:52]} 16. Qd2 {[%emt 0:02:08]} Nc5 {[%emt 0:03:29]} 17. Rad1 {[%emt 0:06:47]} Ne6 {[%emt 0:06:07]} 18. e3 {[%emt 0:04:21]} Bd7 {[%emt 0:03:56]} 19. f4 {[%emt 0:13:19]} c6 {[%emt 0:05:21]} 20. Nb4 {[%emt 0:00:58]} exf4 {[%emt 0:06:14]} 21. exf4 {[%emt 0:01:01]} Nd4 {[%emt 0:00:50]} 22. Kh1 {[%emt 0:06:08]} Qb6 {[%emt 0:08:09]} 23. bxc6 {[%emt 0:07:18]} bxc6 {[%emt 0:00:09]} 24. Bxd4 {[%emt 0:00:35]} Bxd4 {[%emt 0:00:47]} 25. Rb1 {[%emt 0:01:03]} Qc7 {[%emt 0:04:07]} 26. Na6 {[%emt 0:13:17]} Qc8 {[%emt 0:08:39]} 27. Qb4 {[%emt 0:00:27]} c5 {[%emt 0:01:09]} 28. Qb7 {[%emt 0:06:13]} Qxb7 {[%emt 0:02:23]} 29. Rxb7 {[%emt 0:01:01]} Bc8 {[%emt 0:02:29]} 30. Bd5+ {[%emt 0:00:07]} Kh8 {[%emt 0:00:04]} 31. Rb8 {[%emt 0:00:04]} Rxb8 {[%emt 0:00:38]} 32. Nxb8 {[%emt 0:00:02]} Ne7 {[%emt 0:01:10]} 33. Rb1 {[%emt 0:02:50]} Nxd5 {[%emt 0:01:53]} 34. cxd5 {[%emt 0:00:02]} Re8 {[%emt 0:01:17]} 35. Nf1 {[%emt 0:02:08]} Re2 {[%emt 0:00:36]} 36. a4 {[%emt 0:02:00]} Kg7 {[%emt 0:01:46]} 37. Rd1 {[%emt 0:01:17]} Bc3 {[%emt 0:04:57]} 38. Rc1 {[%emt 0:00:31]} Bd4 {[%emt 0:00:11]} 39. Rd1 {[%emt 0:00:01]} Bc3 {[%emt 0:00:00]} 40. Rc1 {[%emt 0:00:01]} Be1 {[%emt 0:01:24]} 41. Nc6 {[%emt 0:02:11]} Ba6 {[%emt 0:00:52]} 42. Rd1 {[%emt 0:00:19]} Bb7 {[%emt 0:00:30]} 43. Rb1 {[%emt 0:00:54]} Bb4 {[%emt 0:00:12]} 44. a5 {[%emt 0:00:25]} Kf8 {[%emt 0:00:42]} 45. Kg1 {[%emt 0:00:39]} Bxc6 {[%emt 0:00:37]} 46. dxc6 {[%emt 0:00:06]} Ke8 {[%emt 0:00:16]} 47. d4 {[%emt 0:00:46]} Kd8 {[%emt 0:00:33]} 48. d5 {[%emt 0:00:40]} Kc7 {[%emt 0:00:50]} 49. a6 {[%emt 0:00:36]} Kb6 {[%emt 0:00:28]} 50. Rb3 {[%emt 0:00:13]} Kxa6 {[%emt 0:00:32]} 51. Re3 {[%emt 0:00:47]} Rxe3 {[%emt 0:00:29]} 52. Nxe3 {[%emt 0:00:02]} Kb6 {[%emt 0:00:30]} 53. Nxf5 {[%emt 0:00:55]} Kc7 {[%emt 0:00:13]} 54. Ne3 {[%emt 0:00:30]} a5 {[%emt 0:00:32]} 55. f5 {[%emt 0:00:11]} Bc3 {[%emt 0:00:05]} 56. Nc4 {[%emt 0:00:13]} a4 {[%emt 0:00:49]} 57. Kf2 {[%emt 0:00:06]} Bb2 {[%emt 0:00:50]} 58. Ke2 {[%emt 0:01:32]} Be5 {[%emt 0:00:34]} 59. Kd3 {[%emt 0:00:30]} Bxg3 {[%emt 0:00:20]} 60. f6 {[%emt 0:00:31]} Bxh4 {[%emt 0:00:04]} 61. f7 {[%emt 0:00:22]} Be7 {[%emt 0:00:01]} 62. Ke4 {[%emt 0:00:39]} h4 {[%emt 0:00:31]} 63. Kf4 {[%emt 0:00:07]} h3 {[%emt 0:00:04]} 64. Kg3 {[%emt 0:00:06]} Bf8 {[%emt 0:00:17]} 65. Kh2 {[%emt 0:00:23]} Bg7 {[%emt 0:00:53]} 66. Kg3 {[%emt 0:01:07]} Bh6 {[%emt 0:00:30]} 67. Kh2 {[%emt 0:00:25]} Kd8 {[%emt 0:00:37]} 68. Kg3 {[%emt 0:00:14]} Bg7 {[%emt 0:00:56]} 69. Kh2 {[%emt 0:00:27]} Kc7 {[%emt 0:01:06]} 70. Kg3 {[%emt 0:00:19]} Kd8 {[%emt 0:00:32]} 71. Kh2 {[%emt 0:00:09]} Ke7 {[%emt 0:00:25]} 72. Kg3 {[%emt 0:01:14]} Kd8 {[%emt 0:00:37]} 73. Kh2 {[%emt 0:00:08]} Kc7 {[%emt 0:00:30]} 74. Kg3 {[%emt 0:00:24]} Bh6 {[%emt 0:00:30]} 75. Kh2 {[%emt 0:01:00]} Bf4+ {[%emt 0:00:29]} 76. Kg1 {[%emt 0:00:10]} Bh6 {[%emt 0:00:07]} 77. Kh2 {[%emt 0:00:50]} Bf4+ {[%emt 0:00:29]} 78. Kg1 {[%emt 0:00:02]} Bh6 {[%emt 0:00:01]} 79. Kh2 {[%emt 0:00:01]} 1/2-1/2

[Event "9th HDBank Open 2019"]
[Site "Ho Chi Minh City"]
[Date "2019.03.07"]
[Round "1.29"]
[White "Liu, Guanchu"]
[Black "Panopio, Jr Rodolfo"]
[Result "1-0"]
[WhiteElo "2445"]
[BlackElo "2207"]
[Annotator "NA"]
[PlyCount "82"]
[EventDate "2019.03.07"]
[EventType "swiss"]
[EventCountry "VIE"]
[SourceTitle "playchess.com"]
[Source "ChessBase"]
[SourceQuality "1"]
[TimeControl "5400+30"]

1. e4 {[%emt 0:00:05]} c6 {[%emt 0:00:00]} 2. d4 {[%emt 0:00:58]} d5 {[%emt 0:00:00]} 3. e5 {[%emt 0:00:24]} Bf5 {[%emt 0:00:00]} 4. Nf3 {[%emt 0:00:07]} e6 {[%emt 0:01:03]} 5. Be2 {[%emt 0:00:14]} Nd7 {[%emt 0:01:37]} 6. O-O {[%emt 0:00:34]} a6 {[%emt 0:00:15]} 7. Nbd2 {[%emt 0:00:31]} Ne7 {[%emt 0:02:28]} 8. Nb3 {[%emt 0:01:46]} Qc7 {[%emt 0:01:55]} 9. Be3 {[%emt 0:02:10]} Bg4 {[%emt 0:01:20]} 10. Nfd2 {[%emt 0:16:45]} Bf5 {[%emt 0:05:13]} 11. f4 {[%emt 0:02:23]} Bg6 {[%emt 0:02:29]} 12. Bf2 {[%emt 0:00:39]} h5 {[%emt 0:00:47]} 13. Rc1 {[%emt 0:07:42]} O-O-O {[%emt 0:13:32]} 14. Qe1 {[%emt 0:03:51]} Kb8 {[%emt 0:00:34]} 15. a3 {[%emt 0:10:38]} Bf5 $14 {[%emt 0:03:34]} 16. c4 {[%emt 0:05:07]} dxc4 {[%emt 0:02:50]} 17. Nxc4 {[%emt 0:00:08]} Nd5 {[%emt 0:00:15]} 18. Ne3 {[%emt 0:04:33]} Be4 {[%emt 0:03:29]} 19. Nd2 {[%emt 0:03:13]} Nxe3 {[%emt 0:01:25]} 20. Bxe3 {[%emt 0:00:05]} Bd5 {[%emt 0:03:24]} 21. f5 {[%emt 0:03:28]} Be7 {[%emt 0:04:00]} 22. fxe6 {[%emt 0:02:42]} Bxe6 {[%emt 0:00:52]} 23. Bc4 {[%emt 0:01:03]} Nf8 {[%emt 0:03:05]} 24. Qg3 {[%emt 0:08:45]} g5 {[%emt 0:01:42]} 25. Ne4 {[%emt 0:01:29]} Rg8 {[%emt 0:03:59]} 26. Qf2 {[%emt 0:03:16]} Qd7 {[%emt 0:02:28]} 27. Bxe6 {[%emt 0:01:48]} fxe6 {[%emt 0:02:42]} 28. Nf6 {[%emt 0:02:21]} Bxf6 {[%emt 0:00:05]} 29. exf6 {[%emt 0:00:03]} Qf7 {[%emt 0:00:29]} 30. Bxg5 {[%emt 0:00:13]} Rd5 {[%emt 0:00:41]} 31. Bf4+ {[%emt 0:00:57]} Ka8 {[%emt 0:00:07]} 32. Be5 {[%emt 0:01:09]} Nd7 {[%emt 0:00:27]} 33. Qe2 {[%emt 0:02:42]} Rg5 {[%emt 0:01:02]} 34. Rxc6 {[%emt 0:00:45]} Ka7 {[%emt 0:04:25]} 35. Rc7 {[%emt 0:00:23]} h4 {[%emt 0:00:06]} 36. h3 {[%emt 0:01:12]} Qf8 {[%emt 0:01:06]} 37. Qe3 {[%emt 0:01:07]} Qg8 {[%emt 0:01:31]} 38. f7 {[%emt 0:04:25]} Rxg2+ {[%emt 0:00:05]} 39. Kh1 {[%emt 0:00:03]} Qg6 {[%emt 0:00:07]} 40. Rxd7 {[%emt 0:00:07]} Rxb2 {[%emt 0:01:17]} 41. Qf3 Ka8 1-0

[Event "9th HDBank Open 2019"]
[Site "Ho Chi Minh City"]
[Date "2019.03.07"]
[Round "1.30"]
[White "Nguyen, Phuoc Tam"]
[Black "Chen, Qi b"]
[Result "1/2-1/2"]
[WhiteElo "2203"]
[BlackElo "2443"]
[Annotator "NA"]
[PlyCount "167"]
[EventDate "2019.03.07"]
[EventType "swiss"]
[EventCountry "VIE"]
[SourceTitle "playchess.com"]
[Source "ChessBase"]
[SourceQuality "1"]
[TimeControl "5400+30"]

1. Nf3 {[%emt 0:00:00]} Nf6 {[%emt 0:00:00]} 2. g3 {[%emt 0:00:00]} g6 {[%emt 0:00:00]} 3. Bg2 {[%emt 0:00:00]} Bg7 {[%emt 0:00:08]} 4. O-O {[%emt 0:00:00]} O-O {[%emt 0:00:06]} 5. c4 {[%emt 0:00:15]} d6 {[%emt 0:03:50]} 6. Nc3 {[%emt 0:02:54]} Nc6 {[%emt 0:02:20]} 7. d3 {[%emt 0:01:43]} e5 {[%emt 0:00:48]} 8. Rb1 {[%emt 0:00:27]} a5 {[%emt 0:02:45]} 9. a3 {[%emt 0:00:05]} h6 {[%emt 0:00:40]} 10. b4 {[%emt 0:02:28]} axb4 {[%emt 0:00:09]} 11. axb4 {[%emt 0:00:02] LiveBook: 577 Games} Be6 {[%emt 0:00:25]} 12. b5 {[%emt 0:02:26]} Ne7 {[%emt 0:00:29]} 13. Bb2 {[%emt 0:02:34]} Nd7 {[%emt 0:17:59]} 14. Nd2 {[%emt 0:15:06]} c6 {[%emt 0:04:01]} 15. Qc2 {[%emt 0:01:18]} d5 {[%emt 0:15:49]} 16. Ra1 {[%emt 0:01:14]} Qc7 {[%emt 0:04:42]} 17. Ba3 {[%emt 0:20:06]} Rfe8 {[%emt 0:16:17]} 18. Qb3 {[%emt 0:17:43]} e4 {[%emt 0:08:32]} 19. dxe4 {[%emt 0:09:37]} dxc4 {[%emt 0:02:20]} 20. Qc2 {[%emt 0:00:13]} Qe5 {[%emt 0:02:50]} 21. Bb2 {[%emt 0:10:27]} cxb5 {[%emt 0:00:43]} 22. Nf3 {[%emt 0:01:12]} Qc5 {[%emt 0:01:46]} 23. e5 {[%emt 0:00:37]} Rxa1 {[%emt 0:05:25]} 24. Rxa1 {[%emt 0:01:24]} Bf5 {[%emt 0:00:13]} 25. Ne4 {[%emt 0:02:49]} Bxe4 {[%emt 0:00:27]} 26. Qxe4 {[%emt 0:00:02]} Nc6 {[%emt 0:00:12]} 27. Rd1 {[%emt 0:03:51]} Nf6 {[%emt 0:04:03]} 28. Qc2 {[%emt 0:03:21]} Ng4 {[%emt 0:00:46]} 29. e3 {[%emt 0:00:04]} Ngxe5 {[%emt 0:02:46]} 30. Nxe5 {[%emt 0:00:06]} Bxe5 {[%emt 0:00:11]} 31. Rd5 {[%emt 0:00:13]} Qb4 {[%emt 0:00:14]} 32. Bxe5 {[%emt 0:00:21]} Rxe5 {[%emt 0:01:08]} 33. Rd7 {[%emt 0:01:13]} Re7 {[%emt 0:00:40]} 34. Rd1 {[%emt 0:02:12]} Ne5 {[%emt 0:01:54]} 35. h4 {[%emt 0:00:07]} h5 {[%emt 0:00:16]} 36. Bd5 {[%emt 0:00:56]} Kh7 {[%emt 0:01:08]} 37. Kg2 {[%emt 0:00:06]} Nd3 {[%emt 0:00:24]} 38. Rxd3 {[%emt 0:00:25]} cxd3 {[%emt 0:00:05]} 39. Qxd3 {[%emt 0:00:04]} Rc7 {[%emt 0:00:59]} 40. e4 {[%emt 0:00:41]} Qb2 {[%emt 0:00:35]} 41. Qf3 {[%emt 0:00:26]} Kg7 {[%emt 0:00:36]} 42. Qf4 {[%emt 0:00:06]} Rd7 {[%emt 0:00:53]} 43. Qb8 {[%emt 0:00:07]} Qf6 {[%emt 0:00:27]} 44. Qc8 {[%emt 0:01:08]} Qe7 {[%emt 0:00:20]} 45. Qc3+ {[%emt 0:01:30]} Kh7 {[%emt 0:00:01]} 46. Qf3 {[%emt 0:00:11]} Rc7 {[%emt 0:00:40]} 47. Qe3 {[%emt 0:00:59]} Rc2 {[%emt 0:01:24]} 48. Qb3 {[%emt 0:00:04]} Rc7 {[%emt 0:00:17]} 49. Qxb5 {[%emt 0:00:07]} Qd7 {[%emt 0:00:31]} 50. Qb6 {[%emt 0:00:19]} Qe7 {[%emt 0:00:20]} 51. Qb5 {[%emt 0:00:20]} Kg7 {[%emt 0:00:41]} 52. Qb6 {[%emt 0:00:13]} Rd7 {[%emt 0:00:14]} 53. Qb2+ {[%emt 0:00:14]} f6 {[%emt 0:00:23]} 54. Qb5 {[%emt 0:00:46]} Rc7 {[%emt 0:00:51]} 55. Qb6 {[%emt 0:00:13]} Qd7 {[%emt 0:00:25]} 56. Kg1 {[%emt 0:01:15]} Qc8 {[%emt 0:00:30]} 57. Kg2 {[%emt 0:00:21]} Re7 {[%emt 0:00:15]} 58. Kg1 {[%emt 0:00:56]} Qc7 {[%emt 0:00:06]} 59. Qa7 {[%emt 0:00:05]} Qd7 {[%emt 0:00:30]} 60. Qb8 {[%emt 0:00:19]} Re8 {[%emt 0:00:58]} 61. Qxb7 {[%emt 0:00:05]} Qxb7 {[%emt 0:00:05]} 62. Bxb7 {[%emt 0:00:03]} Kf8 {[%emt 0:00:08]} 63. Kg2 {[%emt 0:00:03]} Ke7 {[%emt 0:00:06]} 64. Kf3 {[%emt 0:00:16]} Rb8 {[%emt 0:00:14]} 65. Bd5 {[%emt 0:00:16]} Rb2 {[%emt 0:00:06]} 66. Bc6 {[%emt 0:00:09]} g5 {[%emt 0:00:33]} 67. hxg5 {[%emt 0:02:16]} fxg5 {[%emt 0:00:02]} 68. Kg2 {[%emt 0:00:12]} Rc2 {[%emt 0:00:24]} 69. Bd5 {[%emt 0:00:05]} Kf6 {[%emt 0:00:05]} 70. Bb3 {[%emt 0:00:36]} Rc3 {[%emt 0:01:06]} 71. Bd5 {[%emt 0:00:45]} Ke5 {[%emt 0:00:09]} 72. Kh3 {[%emt 0:01:35]} Rf3 {[%emt 0:00:14]} 73. Kg2 {[%emt 0:00:04]} Rf8 {[%emt 0:00:05]} 74. Bc6 {[%emt 0:00:07]} h4 {[%emt 0:00:26]} 75. Kh3 {[%emt 0:00:34]} Rh8 {[%emt 0:00:30]} 76. Bb7 {[%emt 0:00:24]} Rh7 {[%emt 0:00:41]} 77. Bc6 {[%emt 0:00:06]} hxg3+ {[%emt 0:03:45]} 78. Kxg3 {[%emt 0:00:05]} Rh4 {[%emt 0:00:04]} 79. Bb7 {[%emt 0:00:05]} Rf4 {[%emt 0:00:14]} 80. Bc6 {[%emt 0:00:18]} Kd4 {[%emt 0:00:11]} 81. f3 {[%emt 0:01:06]} Ke5 {[%emt 0:00:24]} 82. Bd5 {[%emt 0:00:09]} Kd4 {[%emt 0:00:05]} 83. Bc6 {[%emt 0:00:04]} Ke5 {[%emt 0:00:02]} 84. Bd5 {[%emt 0:00:05]} 1/2-1/2

[Event "9th HDBank Open 2019"]
[Site "Ho Chi Minh City"]
[Date "2019.03.08"]
[Round "2.1"]
[White "Nava, Roderick"]
[Black "Demchenko, Anton"]
[Result "1/2-1/2"]
[WhiteElo "2393"]
[BlackElo "2678"]
[Annotator "TA"]
[PlyCount "77"]
[EventDate "2019.03.07"]
[EventType "swiss"]
[EventCountry "VIE"]
[SourceTitle "playchess.com"]
[Source "ChessBase"]
[SourceQuality "1"]

{[%evp 18,77,25,10,25,24,33,24,31,25,29,29,26,0,0,0,12,27,22,20,36,38,72,43,36,32,78,67,79,77,126,129,120,124,158,66,104,100,99,121,116,117,181,177,218,217,266,52,69,60,59,0,0,0,0,0,0,0,0,0,0,-269]} 1. e4 e5 2. Nc3 Nf6 3. f4 d5 4. fxe5 Nxe4 5. Nf3 Nc6 6. d3 Nxc3 7. bxc3 d4 8. cxd4 Nxd4 9. c3 Nxf3+ 10. Qxf3 {Black should prevent d4.} Be6 {C29: Vienna Game: 2...Nf6 3 f4} (10... c6 11. d4 Qh4+ 12. g3 Qg4 13. Qxg4 Bxg4 14. Bc4 Be6 15. Bxe6 fxe6 16. Ke2 c5 17. Kd3 Be7 18. Rf1 {½-½ (28) Cranbourne,C (2418)-Webb,S (2662) IECG email 1995}) 11. d4 Qd5 12. Bd3 $146 {aiming for Be4.} ({Predecessor:} 12. Be3 Qxf3 13. gxf3 Be7 14. Bd3 O-O-O 15. Ke2 g5 16. f4 gxf4 17. Bxf4 c5 18. Ke3 {0-1 (26) Booij,R-Lodewijk,G Netherlands 1980}) 12... Qxf3 {White has an edge.} 13. gxf3 O-O-O 14. f4 g6 15. Be3 Ba3 16. Kd2 Rd7 17. f5 $36 {[%mdl 2048] White has the initiative.} gxf5 18. Raf1 c5 19. Bxf5 b6 20. Bxe6 fxe6 21. Rf6 cxd4 22. cxd4 Re8 23. Kd3 Rg7 24. Rg1 Rxg1 25. Bxg1 $16 {[%mdl 4096] Endgame KRB-KRB} Kd7 {[#]} 26. Ke4 (26. Be3 $1 $16) 26... Rg8 27. Rf7+ Kc6 28. Be3 ({Don't play} 28. Rxa7 $6 Rxg1 29. Rxa3 Rg4+ 30. Ke3 Kd5 $11) 28... Rg4+ 29. Kf3 Rh4 (29... h5 $16 {was called for.}) 30. Bf4 $18 ({Don't do} 30. Rxa7 $6 Rh3+ 31. Ke4 Bf8 $16) 30... Rh3+ 31. Bg3 a5 {[#]} 32. Ke4 $2 ({White has to play} 32. Rf6 $1 $18) 32... Rh6 $1 $14 33. Bf4 Rh4 {Threatens to win with ...Bc1.} 34. Kf3 ({White should try} 34. d5+ $14 exd5+ 35. Kf3 Rh3+ 36. Kg4) 34... Bb4 {The position is equal.} 35. Kg3 Be1+ 36. Kf3 Bb4 $1 37. Kg3 Be1+ 38. Kf3 Bb4 $1 39. Ke4 $2 {[%mdl 40960] Accuracy: White = 51%, Black = 41%. . An unexpected result.} (39. Kg3 $11 {and White is okay.} Be1+) 1/2-1/2

[Event "9th HDBank Open 2019"]
[Site "Ho Chi Minh City"]
[Date "2019.03.08"]
[Round "2.2"]
[White "Mareco, Sandro"]
[Black "Rahul Srivatshav P"]
[Result "1-0"]
[WhiteElo "2666"]
[BlackElo "2400"]
[Annotator "TA"]
[PlyCount "86"]
[EventDate "2019.03.07"]
[EventType "swiss"]
[EventCountry "VIE"]
[SourceTitle "playchess.com"]
[Source "ChessBase"]
[SourceQuality "1"]

{[%evp 18,86,20,16,22,14,9,0,9,18,20,8,12,7,41,35,140,131,155,147,161,130,234,234,247,227,231,237,233,209,264,231,279,171,171,171,171,171,171,167,329,314,329,323,320,309,423,414,440,432,559,556,518,485,809,581,567,554,533,395,378,369,381,362,387,364,379,356,692,617,5598]} 1. Nf3 Nf6 2. c4 g6 3. d4 Bg7 4. g3 c6 5. Bg2 d5 6. Nbd2 O-O 7. O-O Bf5 8. b3 Ne4 9. Bb2 Qa5 10. a3 Nd7 {D78: Fianchetto Grünfeld: 6 0-0 c6} 11. h3 (11. b4 Qd8 12. Qb3 Ndf6 13. Rfd1 a5 14. b5 dxc4 15. Nxc4 a4 16. Qb4 Nd5 17. Qe1 cxb5 18. Nce5 {0-1 (34) Ponkratov,P (2607)-Mamedov,R (2688) Tallinn 2016}) 11... h5 $146 ({Predecessor:} 11... b5 12. b4 Qd8 13. cxd5 cxd5 14. g4 Nxd2 15. Nxd2 Be6 16. Nb3 f5 17. Bc1 fxg4 18. hxg4 {½-½ (47) Panchanathan,M (2506)-Balakrishnan,P (2394) Piscataway 2016}) 12. Rc1 Rfe8 {The position is equal.} 13. e3 Rac8 14. Re1 e6 15. Nb1 dxc4 16. Nfd2 $1 {[%cal Rd2e4]} Ng5 (16... c3 $14 17. Nxc3 Nxd2) 17. h4 $16 Nh3+ 18. Bxh3 $1 Bxh3 19. Kh2 Qf5 {[#]} (19... Bg4 $16 20. f3 Bf5) 20. e4 $1 $18 {[%cal Re4f5]} Qxf2+ 21. Kxh3 Nf6 {[%cal Bd7f6,Bf6g4,Bg4f2][%mdl 32]} 22. Re2 Ng4 23. Nxc4 {Hoping for Nd6.} Red8 24. e5 Qf3 25. Nd6 Rxd6 26. exd6 Nf2+ {[#]} 27. Rxf2 $1 Qxf2 28. Qc2 Qf3 $2 {[#]} (28... Qxc2 {might work better.} 29. Rxc2 Rd8) 29. Nd2 $1 {[%cal Rd2f3,Bb1d2,Bd2e4,Be4c5][%mdl 32]} Qg4+ 30. Kg2 Qe2+ 31. Kh1 Bh6 32. Ne4 Qf3+ 33. Kh2 Bxc1 34. Bxc1 f6 35. d7 Rf8 (35... Rd8 $142 36. Nxf6+ {[%mdl 64] Discovered Attack, Remove Defender} Qxf6) 36. Nc5 Kf7 {Now ...Rd8 and Black clings on.} 37. Nxb7 Ke7 38. d8=Q+ ({Weaker is} 38. Qc5+ Kxd7 39. Qd6+ Kc8 $16) 38... Rxd8 39. Nxd8 Kxd8 40. Bf4 Kd7 41. a4 a5 42. Kg1 Qg4 $2 (42... e5) 43. Kg2 Ke8 {Accuracy: White = 75%, Black = 33%.} 1-0

[Event "9th HDBank Open 2019"]
[Site "Ho Chi Minh City"]
[Date "2019.03.08"]
[Round "2.3"]
[White "Iturrizaga Bonelli, Eduardo"]
[Black "Hoang, Canh Huan"]
[Result "1-0"]
[WhiteElo "2639"]
[BlackElo "2394"]
[Annotator "TA"]
[PlyCount "81"]
[EventDate "2019.03.07"]
[EventType "swiss"]
[EventCountry "VIE"]
[SourceTitle "playchess.com"]
[Source "ChessBase"]
[SourceQuality "1"]

{[%evp 21,81,-14,-11,-11,-8,-16,-4,-3,-6,-7,-8,-6,1,0,2,0,12,15,20,20,15,11,15,13,20,22,23,34,109,103,116,98,141,153,183,180,200,186,164,89,98,98,95,94,96,101,94,94,93,95,97,85,114,114,143,148,241,232,199,134,29990,29991]} 1. c4 Nf6 2. g3 c6 3. Nf3 d5 4. b3 Bf5 5. Bg2 e6 6. O-O h6 7. Bb2 Be7 8. d3 O-O 9. Nbd2 Nbd7 10. a3 a5 11. Ra2 Bh7 12. Qa1 {A12: English Opening: 1...c6 with b3 by White} Re8 (12... Ne8 13. Rc1 Bf6 14. b4 Nc7 15. Nb3 axb4 16. axb4 dxc4 17. dxc4 Qe7 18. Bxf6 Nxf6 19. Nc5 b6 {1-0 (34) Almasi,Z (2689)-Antal,G (2553) Budapest 2018}) 13. Rb1 Bd6 14. Ne5 {The position is equal.} Nxe5 15. Bxe5 Bxe5 16. Qxe5 Qb6 17. h3 Bg6 18. Rab2 $146 Qc5 19. b4 axb4 20. Rxb4 Rxa3 21. Rxb7 Ra2 22. Nb3 $36 {[%mdl 2048] White is pushing.} Qf8 23. c5 Rd8 24. Rc1 Nd7 (24... Ra4 $14) 25. Qc7 $1 $16 Nb8 26. Nd4 Rc8 27. Qe5 Ra4 28. h4 $1 Na6 29. Bh3 {aiming for h5.} Re8 30. Nxc6 (30. h5 $1 $18 {[%cal Rh5g6]} Bf5 31. Nxf5 exf5 32. Qd6 (32. Qxf5 Nb4 $18)) 30... Nxc5 31. Rc7 f6 32. Qe3 Qd6 {[#]} 33. Ne7+ $1 {[%mdl 512]} Rxe7 34. Rxe7 Qxe7 35. Rxc5 Bf7 {[#]} 36. Rxd5 $1 {[%mdl 512]} Ra1+ (36... exd5 37. Qxe7) 37. Kh2 e5 38. Rd7 Qb4 (38... Qe8 $16 {is a better defense.} 39. Qc5 Ra8) 39. Rd8+ $18 Kh7 {[#]} 40. Bf5+ (40. h5 $1 $18 {[%mdl 512] Intending Bf5+ and mate.} Bxh5 41. Bf5+ Bg6 42. Qf3) 40... Bg6 $2 {[%mdl 8192]} (40... g6 $16) 41. Qf3 {Accuracy: White = 80%, Black = 34%.} 1-0

[Event "9th HDBank Open 2019"]
[Site "Ho Chi Minh City"]
[Date "2019.03.08"]
[Round "2.4"]
[White "Sammed Jaykumar, Shete"]
[Black "Van Wely, Loek"]
[Result "1/2-1/2"]
[WhiteElo "2387"]
[BlackElo "2612"]
[Annotator "TA"]
[PlyCount "85"]
[EventDate "2019.03.07"]
[EventType "swiss"]
[EventCountry "VIE"]
[SourceTitle "playchess.com"]
[Source "ChessBase"]
[SourceQuality "1"]

{[%evp 18,85,12,29,27,0,8,8,8,17,18,0,0,0,0,0,-6,-52,-34,-64,0,0,0,-5,43,22,111,0,0,0,0,0,0,0,0,0,108,10,153,45,51,66,57,45,37,0,57,60,51,56,94,102,81,97,86,97,81,41,41,41,41,41,55,0,166,40,23,43,43,32]} 1. e4 c5 2. Nf3 Nc6 3. Bb5 g6 4. O-O Bg7 5. Bxc6 dxc6 6. d3 Nf6 7. Nc3 Nd7 {B31: Sicilian: 2...Nc6 3 Bb5 g6} 8. Be3 e5 9. h3 b6 10. Nh2 {LiveBook: 5 Games} h6 $146 ({Predecessor:} 10... Nf8 11. f4 exf4 12. Rxf4 Be6 13. Rf2 h6 14. Qd2 g5 15. Raf1 {½-½ (115) Caruana,F (2832)-Carlsen,M (2835) London 2018}) 11. f4 exf4 12. Bxf4 g5 13. Bg3 Ne5 14. Qh5 Be6 15. Rae1 Qd4+ 16. Kh1 O-O-O 17. a3 Qd7 18. Rd1 f5 (18... Rhf8 $15) 19. exf5 $11 Bxf5 20. Ne4 Bg6 21. Qe2 {Nf6 is the strong threat.} Rhe8 (21... Qe6 $1 $11) 22. b4 (22. Nf6 $16 Bxf6 23. Rxf6) 22... cxb4 23. axb4 Kb7 24. Nf3 Nxf3 25. Qxf3 {Threatens to win with Nd6+.} Rf8 26. Qe2 Ka8 {[#]} (26... Rfe8 $11 {keeps the balance.}) 27. Nd6 $1 $16 Bc3 {[#]} (27... g4 $1 $11 {remains equal.}) 28. b5 (28. Rxf8 $1 $16 {Qe6! would kill now.} Rxf8 29. Rf1 Rxf1+ 30. Qxf1 Bxb4 31. Qf8+ Be8 32. Qxe8+ Qxe8 33. Nxe8) 28... Bb4 $1 $14 {[%cal Rb4d6]} ({Don't go for} 28... cxb5 $2 29. Rxf8 Rxf8 30. Rf1 $18) 29. bxc6 Qxc6 30. Rxf8 Rxf8 31. Qe6 Bf5 (31... Bh5 $11 32. Qxh6 Bxd6 33. Bxd6 Rf2 34. Qh8+ Be8) 32. Qxh6 Bxd6 $1 33. Rf1 $40 {[%mdl 128] White has some attack.} Bd7 34. Rxf8+ Bxf8 35. Qxf8+ Kb7 36. Qe7 a5 37. Kh2 Ka6 38. c4 Bf5 39. Qd8 a4 40. d4 ({Better is} 40. Bf2 $14) 40... a3 $2 (40... Qxc4 $11 {and Black is okay.} 41. d5 g4) 41. d5 ({Stronger than} 41. Qxg5 a2 $17) (41. Qf8 $18) 41... Qxc4 42. Qa8+ Kb5 43. Qxa3 {Precision: White = 48%, Black = 48%.} 1/2-1/2